Kategorie Oscarów - Statystyki

Ogólne statystyki
  • Ten quiz został rozwiązany 2 072 razy
    2 004 od ostatniego zresetowania
  • Średni wynik to 9 z 24
Statystyki odpowiedzi
Wprowadzono Najlepszy/Najlepsza/Najlepsze... % Poprawnych
1929 Aktor
95%
1929 Film
91%
1929 Aktorka
82%
1929 Reżyser
82%
1940 Scenariusz
69%
1936 Aktor drugoplanowy
67%
1936 Aktorka drugoplanowa
59%
1939 Efekty specjalne
46%
1930 Dźwięk
45%
1948 Kostiumy
44%
1928 Scenografia
41%
1928 Zdjęcia
36%
1934 Montaż
33%
1947 Film nieanglojęzyczny
30%
1928 Scenariusz adaptowany
25%
1981 Charakteryzacja
18%
1934 Muzyka filmowa
14%
1974 Montaż dźwięku
10%
1931 Krótkometrażowy film animowany
7%
2001 Pełnometrażowy film animowany
7%
1941 Krótkometrażowy film dokumentalny
6%
1943 Pełnometrażowy film dokumentalny
6%
1931 Krótkometrażowy film aktorski
5%
1934 Oryginalna piosenka filmowa
3%
Nie znaleziono quizów pasujących do podanych kryteriów
Rozkład punktacji
Procent ludzi z każdym wynikiem
Percentyl według liczby udzielonych odpowiedzi
Twoja historia wyników
Nie rozwiązałeś tego quizu od ostatniego zresetowania